[Event "ICS Rated blitz match"]
[Site "204.178.125.65"]
[Date "1999.08.17"]
[Round "?"]
[White "Hossa"]
[Black "Panthee"]
[Result "1-0"]
[WhiteElo "2348"]
[BlackElo "2159"]
[Annotator "saj"]
[PlyCount "47"]
[EventDate "1999.??.??"]

1. e4 {ChessBase} 1... d6 2. d4 Nd7 3. Bd3 $146 ({RR} 3. Bc4 3... e6 4. Bb3
Ngf6 5. Qe2 c6 6. f4 Be7 7. Nf3 O-O 8. e5 Nd5 9. c4 Nc7 10. Nc3 c5 11. dxc5
Nxc5 12. Bc2 dxe5 13. fxe5 a5 14. Be3 Bd7 15. Rd1 Qe8 16. Bxc5 Bxc5 17. Qd3 {
1-0 Reinhardt,B-Oelze,J/Triberg 1991/GER (17)}) ({RR} 3. c4 3... e5 4. Nf3 c6
5. Nc3 h6 6. Be2 Qf6 7. Be3 Be7 8. Qd2 Bd8 9. O-O Qe7 10. Rad1 Ngf6 11. Nh4 g6
12. a3 exd4 13. Bxd4 Bc7 14. Rfe1 b6 15. Bf1 Bb7 16. g3 O-O-O 17. b4 Ne5 18.
Qc2 c5 19. Be3 g5 20. Nf5 Nf3+ 21. Kh1 Qe5 22. Bg2 Nxe1 23. Rxe1 Ng4 24. f3
Nxe3 25. Nxe3 h5 26. Ncd5 h4 27. Bh3+ Kb8 28. Kg2 hxg3 29. hxg3 Rdf8 30. Bf5
Bd8 31. Rb1 Qg7 32. Qa4 Qd4 33. Qc2 Bf6 34. Bg4 Bg7 35. Bd7 Bxd5 36. Nxd5 Rh6
37. Ne7 37... Qc3 {Howell,J-Andonov,B/Frunze 1989/CBM 15/ - (61)}) ({RR} 3. f4
3... c6 ({RR} 3... e5 4. Nf3 exf4 5. Bxf4 Ngf6 6. Nc3 Nb6 7. a4 Qe7 8. Bd3 h6
9. O-O Bg4 10. h3 Bh5 11. a5 Nbd7 12. e5 dxe5 13. dxe5 Qb4 14. Qc1 Bxf3 15.
Rxf3 Qc5+ 16. Kh1 Nd5 17. Nxd5 Qxd5 18. e6 {
Rubinstein,A-Breyer,G/Breslau 1912/HCL/[ChessBase]/1-0 (37)}) 4. Nf3 e5 5. c3
Ngf6 6. fxe5 dxe5 7. Nbd2 exd4 8. cxd4 Bb4 9. Qc2 Qe7 10. e5 Nd5 11. Qe4 N7f6
12. Qh4 Ng4 13. Qxe7+ Kxe7 14. a3 Ba5 15. b4 Bc7 16. Nc4 b5 17. h3 17... bxc4 {
Nagy,J-Sandor,J/HUN 1998/EXT 99/0-1 (54)}) ({RR} 3. g3 3... e5 4. Ne2 g6 5. Bg2
Bg7 6. O-O h5 7. h3 Ne7 8. f4 exd4 9. Nxd4 Nf8 10. Nc3 Bd7 11. Be3 Qc8 12. Kh2
f5 13. exf5 gxf5 14. h4 Kd8 15. Re1 Bc6 16. Nxc6+ bxc6 17. Bd4 Bxd4 18. Qxd4
Rg8 19. Qf6 Qd7 20. Re3 Nfg6 21. Rae1 Qe8 22. Nb5 Qf8 23. Qe6 Qg7 24. Nxd6 cxd6
25. Qxd6+ Kc8 26. Bxc6 Rd8 27. Bb7+ Kxb7 28. Rb3+ Kc8 29. Qc5+ Kd7 30. Qb5+ Kd6
31. Rd3+ Kc7 32. Qa5+ Kb7 33. Rb3+ Kc8 34. Qc5+ Kd7 35. Qb5+ Kd6 36. Qb7 Qd4
37. Rbe3 Qd5 38. Rd3 Qxd3 39. cxd3 Rab8 40. Qxa7 Rxb2+ 41. Kh3 Rdb8 42. Qe3 Rc2
43. Qd4+ Nd5 44. Re5 Rbb2 45. Qxd5+ Kc7 46. Qf7+ {
1-0 Rubinstein,A-Barasz,Z/Breslau 1912/HCL (46)}) 3... g6 4. Ne2 Bg7 5. O-O e5
6. c3 Ngf6 7. Bg5 h6 8. Bh4 O-O 9. f4 c6 10. fxe5 dxe5 11. Nd2 Qc7 12. Nc4 Nh5
13. Be7 Re8 14. Bd6 Qd8 15. Bb4 c5 16. dxc5 Nf4 17. Nxf4 exf4 18. Nd6 Re6 19.
Bc4 Rf6 20. Nxf7 Rxf7 21. Bxf7+ Kxf7 22. Qd5+ Ke8 23. Qg8+ Bf8 24. Qxg6+ {
Panthee resigns} 1-0

[Event "ICS Rated blitz match"]
[Site "204.178.125.65"]
[Date "1999.08.17"]
[Round "?"]
[White "Panthee"]
[Black "Hossa"]
[Result "0-1"]
[WhiteElo "2151"]
[BlackElo "2356"]
[PlyCount "47"]
[EventDate "1999.??.??"]

1. e4 e5 2. f4 exf4 3. Nf3 Be7 4. Bc4 Bh4+ 5. Kf1 d6 6. Nc3 Bg4 7. d4 f5 8.
Bxf4 fxe4 9. Nxe4 d5 10. Bb5+ Bd7 11. Bxd7+ Nxd7 12. Neg5 Bxg5 13. Nxg5 Qf6 14.
Qe2+ Ne7 15. g3 O-O-O 16. Kg2 Rde8 17. Rhf1 Nc6 18. Qd2 Qxd4 19. Qxd4 Nxd4 20.
c3 Ne2 21. Rae1 Nxf4+ 22. gxf4 Nf6 23. Re6 h6 24. Re7 {Panthee resigns} 0-1

[Event "ICS Rated bullet match"]
[Site "204.178.125.65"]
[Date "1999.08.17"]
[Round "?"]
[White "Hossa"]
[Black "JSBach"]
[Result "1-0"]
[WhiteElo "2306"]
[BlackElo "2116"]
[Annotator "saj"]
[PlyCount "95"]
[EventDate "1999.??.??"]

1. d4 d5 2. c4 dxc4 3. Nf3 3... Bd7 $146 ({RR} 3... f6 4. e4 b5 5. a4 c6 6. b3
Bg4 7. bxc4 Bxf3 8. gxf3 e5 9. cxb5 Bb4+ 10. Bd2 Qxd4 11. Bxb4 Qxb4+ 12. Nd2
Ne7 13. Rb1 Qd4 14. Qb3 Nd7 15. bxc6 Nxc6 16. Qb7 Rb8 17. Qxc6 Rxb1+ 18. Nxb1 {
Schmid-Seitshiro,P/Moscow 1994/EXT 99/1-0 (36)}) ({RR} 3... g6 4. e3 Nf6 5.
Bxc4 Bg4 6. Bxf7+ Kxf7 7. Ne5+ Kg7 8. Nxg4 Nxg4 9. Qxg4 Qd6 10. Nc3 c6 11. O-O
Nd7 12. f4 h5 13. Qf3 e6 14. Rd1 Rd8 15. Bd2 a6 16. Ne2 Kf7 17. Bc3 Nf6 18. e4
{Kirsch,B-Downing/Buenos Aires 1978/MCD/1-0 (31)}) ({RR} 3... Nc6 4. d5 Nb8 5.
e4 Nf6 6. Qd4 Bd7 7. Qxc4 c6 8. Nc3 cxd5 9. Nxd5 Nxd5 10. Qxd5 Nc6 11. Bd2 e6
12. Qb3 Qc7 13. Rc1 a6 14. Be2 Bd6 15. O-O O-O 16. Rfd1 e5 17. Qd3 Be6 18. Be3
{Grosse Honebrink,B-Zyde,F/Roskilde 1998/EXT 99/1-0 (61)}) ({RR} 3... b6 4. e3
Bb7 5. Bxc4 e6 6. O-O Bd6 7. Nc3 Nf6 8. Re1 O-O 9. e4 Bb4 10. Qd3 Nc6 11. a3
Bxc3 12. bxc3 Na5 13. Ba2 Re8 14. Qc2 Rc8 15. Bg5 c5 16. Rad1 Qc7 17. Bxf6 gxf6
18. Rd3 Kh8 19. e5 Rg8 20. exf6 Bxf3 21. Rxf3 Rxg2+ 22. Kxg2 Rg8+ 23. Rg3 Qc6+
24. Qe4 Qd6 25. Bb1 {1-0 Minniti,E-Ameglio,L/Amelia 1981/EXT 99 (25)}) 4. e4
Bc6 5. Bxc4 Nf6 6. d5 Nxe4 7. Qd3 Nc5 8. Qd4 e6 9. dxc6 Nxc6 10. Bb5 Qd6 11.
Be3 Nd7 12. Bxc6 Qxc6 13. Nc3 Qa6 14. Ng5 c5 15. Qf4 f6 16. Nf3 e5 17. Qg4 c4
18. Nd2 b5 19. a4 Rb8 20. O-O b4 21. Nb5 Rc8 22. Nxa7 Ra8 23. Nb5 Rc8 24. Nxc4
f5 25. Qe2 Qe6 26. Rfc1 Kf7 27. Qh5+ g6 28. Qd1 Kg8 29. b3 Rd8 30. Qd2 f4 31.
Bb6 Rc8 32. Ba5 f3 33. gxf3 Qf7 34. Nbd6 Bxd6 35. Qxd6 Qf5 36. Bxb4 Qg5+ 37.
Kh1 Qf5 38. Rc3 Rb8 39. Rd1 e4 40. Qxd7 Rxb4 41. Qc7 Qf6 42. Rd8+ Qxd8 43.
Qxd8+ Kg7 44. Qe7+ Kh6 45. fxe4 Rxb3 46. Rxb3 g5 47. Rh3+ Kg6 48. Ne5# {
JSBach checkmated} 1-0

[Event "ICS Rated blitz match"]
[Site "204.178.125.65"]
[Date "1999.08.17"]
[Round "?"]
[White "Hossa"]
[Black "nullifier"]
[Result "1-0"]
[WhiteElo "2364"]
[BlackElo "2061"]
[Annotator "saj"]
[PlyCount "17"]
[EventDate "1999.??.??"]

1. d4 Nf6 2. c4 d5 3. Nc3 e6 4. cxd5 Nxd5 5. e4 Nxc3 6. bxc3 b6 ({RR} 6... Nd7
7. Nf3 Bd6 8. e5 Be7 9. Bd3 c5 10. O-O cxd4 11. cxd4 Nb6 12. Be4 Nd5 13. Qb3 b6
14. Ba3 Bb7 15. Nd2 O-O 16. Rfe1 Rc8 17. Bxe7 Qxe7 18. Nc4 Rc7 19. Nd6 Rd8 20.
g3 Ba8 21. Rac1 {Giorgadze,T-Troeger,P/Porz 1981/MCL/1-0 (41)}) ({RR} 6... c6
7. Nf3 Be7 8. Bd3 O-O 9. O-O Nd7 10. Bf4 h6 11. Qd2 g5 12. Be3 f5 13. exf5 exf5
14. Bc4+ Kg7 15. d5 cxd5 16. Bxd5 f4 17. Bd4+ Bf6 18. Rfd1 Nb6 19. c4 Nxd5 20.
cxd5 Bg4 21. Qd3 {Seeliger,S-Schnell,F/Passau 1998/EXT 99/ - (56)}) 7. Nf3 7...
Ba6 $146 ({RR} 7... Nd7 8. Bd3 Be7 9. Qc2 Bb7 10. a4 h6 11. Be3 a5 12. Qd2 O-O
13. Bxh6 gxh6 14. Qxh6 Re8 15. e5 Nf8 16. h4 f5 17. Ng5 Qd7 18. Rh3 Bd8 19. Rg3
Qg7 20. Nh3 Qxg3 21. fxg3 Re7 22. Qd2 {
De Ron,P-Resnick,P/Haarlem 1995/EXT 98/ - (39)}) ({RR} 7... Be7 8. Bc4 Nd7 9.
Qe2 O-O 10. O-O h6 11. Bf4 Bb7 12. e5 Re8 13. Rad1 Qc8 14. d5 Bxd5 15. Bxd5
exd5 16. e6 Nf6 17. exf7+ Kxf7 18. c4 c6 19. Rfe1 Kg8 20. Qd3 Qg4 21. g3 Bc5
22. Ne5 {Van Meter,L-Redman,T/Chicago 1984/MCD/1-0 (33)}) ({RR} 7... Bb7 8. Bd3
h6 9. O-O Be7 10. Qa4+ c6 11. Ne5 O-O 12. f4 Nd7 13. Ng4 Nc5 14. Qc2 Nxd3 15.
Qxd3 h5 16. Ne5 c5 17. f5 exf5 18. Rxf5 Bf6 19. Rxh5 g6 20. Qg3 Bxe4 21. Bh6
Bg7 22. Bxg7 Kxg7 23. Re1 Bc2 24. Nc6 Qf6 25. Ne5 Qd6 26. Rh3 cxd4 27. Qf4 Bf5
28. Qh6+ Kf6 29. Rf3 Qxe5 30. Qh4+ {
1-0 Schindler,S-Juscamayta,T/Mengen 1994/EXT 97 (30)}) 8. Bxa6 Nxa6 9. Qa4+ {
nullifier resigns} 1-0

[Event "ICS Rated blitz match"]
[Site "204.178.125.65"]
[Date "1999.08.17"]
[Round "?"]
[White "nullifier"]
[Black "Hossa"]
[Result "1/2-1/2"]
[WhiteElo "2056"]
[BlackElo "2369"]
[Annotator "saj"]
[PlyCount "209"]
[EventDate "1999.??.??"]

1. d4 a5 2. Nf3 2... d5 $146 ({RR} 2... a4 3. e4 e6 4. Bd3 Be7 5. O-O h5 6. c4
d6 7. Nc3 Bd7 8. Bc2 a3 9. bxa3 h4 10. e5 Nc6 11. Rb1 dxe5 12. dxe5 b6 13. Nb5
Na5 14. Qe2 Bc6 15. Rd1 Qc8 16. Nfd4 Bb7 17. Qg4 {
Modrova,H-Nemcova,V/Prague 1991/TD/ - (69)}) 3. Nc3 Bf5 4. Bf4 Na6 5. a3 e6 6.
e3 c6 7. Bd3 Bxd3 8. cxd3 Bd6 9. Bxd6 Qxd6 10. O-O Ne7 11. Re1 O-O 12. e4 f5
13. Ng5 fxe4 14. dxe4 h6 15. Nf3 c5 16. Nb5 Qd7 17. Qe2 Nc6 18. Rad1 cxd4 19.
Nbxd4 Nc5 20. Nb5 b6 21. exd5 exd5 22. Qd2 Rad8 23. Nbd4 Ne4 24. Qd3 Qd6 25.
Nxc6 Qxc6 26. Rc1 Qf6 27. Re2 Rfe8 28. Rcc2 Kh8 29. h3 Qd6 30. Qd4 Kg8 31. Nd2
Nxd2 32. Rcxd2 Rxe2 33. Rxe2 Rc8 34. g3 Rc4 35. Qd3 Rc1+ 36. Kg2 Rc8 37. Qd4
Rc4 38. Qd3 Qc6 39. Kh2 Rc5 40. Kg2 b5 41. Rd2 a4 42. Qd4 Qd6 43. Rd3 Kh8 44.
Re3 Rc8 45. Rd3 Rd8 46. Rd2 Qc6 47. Rd3 Qd7 48. Rd2 Kh7 49. Rd3 Kg8 50. Qf4 d4
51. Qd2 Qc6+ 52. Kh2 Qf6 53. Kg2 Qe5 54. Re3 Qd5+ 55. Rf3 Rf8 56. Qd3 Qc6 57.
Qd1 Kh8 58. Qd3 Qd5 59. Qd1 Rf7 60. Qd3 Qb7 61. Qd1 Kg8 62. Qd3 h5 63. h4 Rf6
64. Qd1 Qc6 65. Qd3 Rf8 66. Qd1 Qd5 67. Qd3 Rf6 68. Qd1 Kf7 69. Qd3 Qc6 70. Qd1
Qe4 71. Qd3 Qa8 72. Qd1 Qc6 73. Qd3 Qd5 74. Qd1 Kg8 75. Qd3 Kf8 76. Qd1 Rf7 77.
Qd3 Kg8 78. Qd1 Qa8 79. Qd3 Rf6 80. Qd1 Rf8 81. Qd3 Qd5 82. Qd1 Kh8 83. Qd3 Rf6
84. Qd1 Rf5 85. Qd3 Rf7 86. Qd1 Rf6 87. Qd3 Rf8 88. Qd1 Rf7 89. Qd3 Qc6 90. Qd1
Kg8 91. Qd3 Qa8 92. Qd1 Kf8 93. Qd3 Qd5 94. Qd1 Qb7 95. Qd3 Rf6 96. Qd1 Qd5 97.
Qd3 Qc6 98. Qd1 Qe4 99. Qd3 Qa8 100. Qd1 Kg8 101. Qd3 Kh8 102. Qd1 Qb7 103. Qd3
Rf8 104. Qd1 Qe4 105. Qd3 {Game drawn by mutual agreement} 1/2-1/2

[Event "ICS rated blitz match"]
[Site "204.178.125.65"]
[Date "1999.08.17"]
[Round "?"]
[White "ParalyseCabbage"]
[Black "Hossa"]
[Result "0-1"]
[WhiteElo "2087"]
[BlackElo "2368"]
[PlyCount "208"]
[EventDate "1999.??.??"]

1. e4 e5 2. Nf3 Nc6 3. Bb5 a6 4. Bxc6 dxc6 5. O-O Bg4 6. h3 Bh5 7. d3 Qf6 8.
Nbd2 O-O-O 9. b3 Bb4 10. a3 Bc3 11. Rb1 Qe6 12. Nc4 f5 13. exf5 Qxf5 14. g4
Bxg4 15. hxg4 Qxg4+ 16. Kh1 Qd7 17. Nh2 Rf8 18. Qg4 Rf5 19. Ne3 Nh6 20. Qh3 Kb8
21. Nxf5 Nxf5 22. Be3 Qd5+ 23. Qf3 Qd7 24. Rg1 Qe6 25. Rg5 g6 26. Rbg1 Rd8 27.
R5g4 Rf8 28. Qg2 Qd6 29. a4 Nd4 30. Bxd4 exd4 31. Re4 c5 32. f3 Ka8 33. Qg4 Rh8
34. Qe6 Qf8 35. Rgg4 Qb8 36. Rgf4 Ba5 37. Rf7 Bb6 38. Re7 Rd8 39. Re8 Rxe8 40.
Qxe8 Qxe8 41. Rxe8+ Ka7 42. Ng4 Ba5 43. Re7 h5 44. Ne5 g5 45. Rg7 g4 46. fxg4
hxg4 47. Rxg4 Bc3 48. Rg6 b6 49. Kg2 Kb7 50. Kf3 Ka7 51. Ke4 Kb7 52. Kd5 Bd2
53. Nc6 a5 54. Rg8 Ka6 55. Rc8 Bf4 56. Ra8+ Kb7 57. Ra7+ Kc8 58. Ke6 Bd6 59.
Ra8+ Kb7 60. Rb8+ Kxc6 61. Rg8 Bf4 62. Rg6 Bd2 63. Ke5+ Kb7 64. Kd5 Bf4 65. Re6
Bd2 66. Re2 Bc3 67. Rg2 Bb4 68. Re2 Bc3 69. Re8 Bb4 70. Re6 Bd2 71. Kc4 Bc3 72.
Rg6 Bd2 73. Kd5 Bf4 74. Rg4 Bd2 75. Rg2 Bb4 76. Rh2 Be1 77. Re2 Bc3 78. Re4 Ba1
79. Kc4 Bc3 80. Kb5 Bd2 81. Re8 Bb4 82. Kc4 Bc3 83. Kd5 Bb4 84. Ke6 Kc6 85. Ra8
Bd2 86. Rg8 Bf4 87. Ke7 Bd2 88. Kd8 Bf4 89. Kc8 Bh2 90. Rh8 Bf4 91. Rh7 Bd6 92.
Rh6 b5 93. axb5+ Kxb5 94. Kd7 a4 95. bxa4+ Kxa4 96. Rg6 Kb4 97. Rg2 c4 98. Kc6
cxd3 99. cxd3 Kc3 100. Kd5 Kxd3 101. Ra2 Ke3 102. Kc4 d3 103. Ra8 d2 104. Re8+
104... Kf4 {ParalyseCabbage resigns} 0-1

[Event "ICS rated blitz match"]
[Site "204.178.125.65"]
[Date "1999.08.17"]
[Round "?"]
[White "Hossa"]
[Black "ParalyseCabbage"]
[Result "1-0"]
[WhiteElo "2373"]
[BlackElo "2082"]
[PlyCount "58"]
[EventDate "1999.??.??"]

1. d4 Nf6 2. c4 e6 3. Nc3 d5 4. Bf4 dxc4 5. e3 Bb4 6. Bxc4 O-O 7. a3 Be7 8.
Nge2 a6 9. O-O b5 10. Bd3 Bb7 11. Rc1 c5 12. Qb3 Qb6 13. Bg5 Nbd7 14. Qc2 Rac8
15. Bxh7+ Nxh7 16. Bxe7 Rfe8 17. Bxc5 Nxc5 18. dxc5 Rxc5 19. Rfd1 Nf6 20. Qd3
Rg5 21. e4 a5 22. Ng3 b4 23. axb4 axb4 24. Na4 Qa5 25. b3 Ba6 26. Qd6 Bb5 27.
Ra1 Bxa4 28. Rxa4 Qc5 29. Rxb4 29... Qxd6 {ParalyseCabbage resigns} 1-0

[Event "ICS rated blitz match"]
[Site "204.178.125.65"]
[Date "1999.08.17"]
[Round "?"]
[White "doublechess"]
[Black "Hossa"]
[Result "0-1"]
[WhiteElo "2048"]
[BlackElo "2378"]
[PlyCount "144"]
[EventDate "1999.??.??"]

1. e4 e5 2. d4 exd4 3. Nf3 Bb4+ 4. c3 dxc3 5. bxc3 Be7 6. Bc4 Bf6 7. e5 Qe7 8.
O-O Bh4 9. g3 Qc5 10. Bxf7+ Kxf7 11. Nxh4 Qxe5 12. Re1 Qb5 13. Na3 Qc5 14. Be3
Qa5 15. Qb3+ d5 16. Nc2 Nf6 17. Bd4 Rf8 18. Bxf6 Kxf6 19. c4 Kf7 20. cxd5 Kg8
21. d6+ Be6 22. Qxe6+ Kh8 23. d7 Qd2 24. Rad1 Qxf2+ 25. Kh1 Nxd7 26. Rxd7 Qxc2
27. Qe7 Qc6+ 28. Ng2 Qg6 29. Nf4 Qc6+ 30. Kg1 Qb6+ 31. Qe3 Rfe8 32. Qxb6 Rxe1+
33. Kf2 axb6 34. Kxe1 c5 35. Rxb7 Kg8 36. Rxb6 Rxa2 37. h3 c4 38. Ne6 Ra1+ 39.
Kd2 Ra3 40. Rb8+ Kf7 41. Nf4 Rxg3 42. Rb7+ Kg8 43. Rb8+ Kf7 44. Rb7+ Kg8 45.
Rc7 g5 46. Nd5 Rd3+ 47. Ke2 Rxd5 48. Rxc4 Kg7 49. Rc7+ Kg6 50. Rc6+ Kf5 51. Rc7
h5 52. Rf7+ Kg6 53. Rf8 Re5+ 54. Kf2 Rf5+ 55. Rxf5 Kxf5 56. Kg3 Ke4 57. Kg2 h4
58. Kf2 Kf4 59. Kg2 Ke3 60. Kf1 Kf3 61. Kg1 Kg3 62. Kh1 Kxh3 63. Kg1 Kg3 64.
Kf1 h3 65. Kg1 Kf3 66. Kh2 g4 67. Kg1 g3 68. Kf1 g2+ 69. Ke1 g1=Q+ 70. Kd2 Qc5
71. Kd3 h2 72. Kd2 72... h1=Q {doublechess resigns} 0-1

[Event "ICS rated blitz match"]
[Site "204.178.125.65"]
[Date "1999.08.17"]
[Round "?"]
[White "Hossa"]
[Black "matar"]
[Result "1-0"]
[WhiteElo "2382"]
[BlackElo "2166"]
[PlyCount "71"]
[EventDate "1999.??.??"]

1. e4 c5 2. Nf3 e6 3. d4 cxd4 4. Nxd4 a6 5. Bd3 Qb6 6. Ne2 Qc7 7. Nbc3 Nf6 8.
Bg5 Be7 9. Qd2 b5 10. a4 b4 11. Na2 a5 12. c3 Nc6 13. Bxf6 Bxf6 14. cxb4 axb4
15. Nxb4 Nxb4 16. Qxb4 Rb8 17. Bb5 Ba6 18. O-O Bxb5 19. axb5 Be7 20. Qc3 Qxc3
21. Nxc3 O-O 22. Ra7 Bf6 23. Rxd7 Rfc8 24. Rfd1 g6 25. R1d3 Rc4 26. f4 Bxc3 27.
bxc3 Rxb5 28. R7d4 Rcc5 29. Ra4 Rb2 30. Ra7 h5 31. g3 Rc2 32. Rd8+ Kg7 33. Rdd7
R5xc3 34. Rxf7+ Kg8 35. Rfd7 h4 36. Rd8# {matar checkmated} 1-0

[Event "ICS rated blitz match"]
[Site "204.178.125.65"]
[Date "1999.08.17"]
[Round "?"]
[White "occam"]
[Black "Hossa"]
[Result "0-1"]
[WhiteElo "2399"]
[BlackElo "2389"]
[PlyCount "132"]
[EventDate "1999.??.??"]

1. d4 Nf6 2. c4 e5 3. dxe5 Ng4 4. Qd4 h5 5. f4 Nc6 6. Qe4 Be7 7. Nf3 d6 8. Nc3
dxe5 9. fxe5 Bc5 10. e3 g6 11. h3 Nh6 12. Bd2 Bf5 13. Qf4 Nb4 14. Rc1 Nc2+ 15.
Kf2 Nb4 16. Kg1 g5 17. Qxg5 Qxg5 18. Nxg5 O-O-O 19. Nge4 Bxe4 20. Nxe4 Rxd2 21.
Nxc5 Rxb2 22. a3 Nc6 23. Nd3 Rb3 24. Ra1 Rd8 25. Nf4 h4 26. Nd5 Nf5 27. g4 hxg3
28. e4 Nh4 29. Be2 Nxe5 30. Rd1 Rxd5 31. cxd5 Rb2 32. Kf1 g2+ 33. Kf2 gxh1=N+
34. Rxh1 Nhg6 35. Rh2 Nf4 36. Ke3 Nxe2 37. Rxe2 Nc4+ 38. Kd3 Rxe2 39. Kxe2 Nxa3
40. h4 Kd7 41. h5 Ke7 42. h6 Kf6 43. e5+ Kg6 44. h7 Kxh7 45. d6 Nb5 46. d7 Nd4+
47. Kd3 Nc6 48. Ke3 a5 49. Ke4 a4 50. d8=Q Nxd8 51. Kd3 b5 52. Kc2 c5 53. Kb2
b4 54. Kc2 Ne6 55. Kd3 a3 56. Kc2 Nd4+ 57. Kc1 b3 58. e6 fxe6 59. Kb1 a2+ 60.
Kb2 c4 61. Kc3 a1=Q+ 62. Kxc4 Qa4+ 63. Kd3 b2 64. Kd2 Qb3 65. Ke1 b1=Q+ 66. Kf2
66... Qf3# {occam checkmated} 0-1

[Event "ICS rated blitz match"]
[Site "204.178.125.65"]
[Date "1999.08.17"]
[Round "?"]
[White "Hossa"]
[Black "occam"]
[Result "1-0"]
[WhiteElo "2405"]
[BlackElo "2383"]
[PlyCount "127"]
[EventDate "1999.??.??"]

1. d4 Nf6 2. c4 e5 3. dxe5 Ng4 4. e4 Bb4+ 5. Bd2 Bxd2+ 6. Nxd2 Nxe5 7. Ngf3
Nxf3+ 8. Qxf3 Nc6 9. Rd1 O-O 10. Bd3 Ne5 11. Qg3 Nxd3+ 12. Qxd3 Qf6 13. b3 d6
14. O-O Qg6 15. Kh1 Bg4 16. f3 Bd7 17. c5 Rfd8 18. cxd6 Be8 19. Nc4 b5 20. Ne3
Qxd6 21. Qxd6 Rxd6 22. Rxd6 cxd6 23. Nf5 Rd8 24. Rd1 Kf8 25. Nxd6 f5 26. e5 g6
27. Rc1 Ke7 28. Rc7+ Rd7 29. Nxb5 Ke6 30. Rxd7 Bxd7 31. Nxa7 Kxe5 32. h4 Kd6
33. a4 Kc5 34. h5 gxh5 35. Kh2 Kb4 36. Kg3 Kxb3 37. Nb5 Kb4 38. Kf4 Kc5 39. Ke5
h6 40. Nd6 f4 41. Ne4+ Kb4 42. Nf6 Bc6 43. Nxh5 Be8 44. Nxf4 Ka5 45. Kf6 Ka6
46. Kg7 h5 47. Kh6 h4 48. Ng6 Bxg6 49. Kxg6 Kb6 50. a5+ Kxa5 51. Kh5 Kb6 52.
Kxh4 Kc5 53. Kg5 Kd6 54. Kf6 Kd5 55. g4 Kd4 56. g5 Ke3 57. g6 Kxf3 58. g7 Kf4
59. g8=Q Kf3 60. Qe6 Kf4 61. Qe2 Kg3 62. Kg5 Kh3 63. Kf4 Kh4 64. Qh2# {
occam checkmated} 1-0

[Event "ICS rated blitz match"]
[Site "204.178.125.65"]
[Date "1999.08.17"]
[Round "?"]
[White "Hossa"]
[Black "Beadle"]
[Result "1/2-1/2"]
[WhiteElo "2420"]
[BlackElo "2585"]
[PlyCount "175"]
[EventDate "1999.??.??"]

1. d4 Nf6 2. c4 e6 3. Nc3 Bb4 4. Bg5 c5 5. d5 h6 6. Bd2 d6 7. e3 exd5 8. cxd5
O-O 9. Nge2 Nbd7 10. e4 Ne5 11. Ng3 Bg4 12. f3 Bd7 13. Be2 Qe7 14. O-O c4 15.
Be3 Rfc8 16. a3 Bc5 17. Qd2 Bxe3+ 18. Qxe3 h5 19. Qg5 Nxd5 20. Qxe7 Nxe7 21.
Nxh5 Rc6 22. Rad1 Rb6 23. Rd2 Rc8 24. Rfd1 Be8 25. Nf4 Bc6 26. Rc2 Bd7 27. Rd4
Ra6 28. Rcd2 Kf8 29. Rxd6 Rxd6 30. Rxd6 Rc6 31. Rd2 g5 32. Nh5 N7g6 33. g3 Bc8
34. f4 gxf4 35. gxf4 Nd3 36. Bxd3 cxd3 37. Rxd3 Bg4 38. f5 Bxh5 39. fxg6 Rxg6+
40. Kf2 Rf6+ 41. Kg3 Rg6+ 42. Kh4 Bg4 43. Rg3 Bd7 44. Rxg6 fxg6 45. Kg5 Kf7 46.
b4 Ke6 47. Kxg6 Ke5 48. h4 Kd4 49. Nd5 Be8+ 50. Kg5 Bf7 51. h5 Bxh5 52. Kxh5
Kxe4 53. Nc7 a6 54. Ne6 Kd3 55. Kg4 Kc4 56. Nc7 Kb3 57. Nd5 Kxa3 58. Kf3 Kb3
59. Ke4 a5 60. b5 Kc4 61. b6 a4 62. Ne3+ Kc5 63. Nc2 Kxb6 64. Kd4 Kb5 65. Kc3
Kc5 66. Nd4 a3 67. Nb3+ Kb5 68. Na1 Ka4 69. Kd2 Kb4 70. Kc2 b5 71. Nb3 Ka4 72.
Nc5+ Ka5 73. Nd3 a2 74. Kb2 Kb6 75. Ka1 Kc6 76. Nc1 Kc5 77. Nb3+ Kb4 78. Nd4
Kc4 79. Nf3 b4 80. Nd2+ Kd3 81. Nb3 Ke4 82. Nc1 Kd5 83. Ne2 Kc5 84. Kxa2 Kb6
85. Kb3 Kc5 86. Nf4 Kb5 87. Nd5 Kc5 88. Nxb4 {
Game drawn because neither player has mating material} 1/2-1/2

[Event "ICS Rated blitz match"]
[Site "204.178.125.65"]
[Date "1999.08.17"]
[Round "?"]
[White "Hossa"]
[Black "Tyrisha"]
[Result "1-0"]
[WhiteElo "2427"]
[BlackElo "2123"]
[Annotator "Fritz 5.32 (15s)"]
[PlyCount "16"]
[EventDate "1999.??.??"]

1. d4 1... d5 {Opening = D35 - 3.Nc3 Nf6(4.cd5 ed5 5.Bg5 c6 6.---)} 2. c4 e6 3.
Nc3 Nf6 4. cxd5 exd5 5. Bg5 c6 6. e3 Bd6 7. Bd3 Nbd7 8. Nge2 8... Kf8 $146 (
8... Nf8 9. f3 Ne6 10. Bh4 Qc7 11. Rc1 g5 12. Bf2 h5 13. Qd2 Qb8 14. Bg3 h4 15.
Bxd6 Qxd6 16. Bf5 Rg8 17. e4 dxe4 18. fxe4 Nh5 19. O-O Nhf4 20. d5 Nxe2+ 21.
Qxe2 Nf4 22. Qe3 Bxf5 23. exf5+ {Klima,L-Sevcak,F/Moravia 1994/EXT 97/1-0 (33)}
) (8... Nf8 9. f3 Ng6 10. e4 dxe4 11. fxe4 Be7 12. O-O O-O 13. Qb3 c5 14. e5
Ng4 15. Bxg6 hxg6 16. Bxe7 Qxe7 17. Nf4 Qh4 18. h3 Ne3 19. Rf2 Be6 20. d5 g5
21. Nfe2 c4 22. Qb5 Bxh3 23. gxh3 {
Seirawan,Y-Ljubojevic,L/Barcelona 1989/CBM 12/[Bulletin]/0-1 (39)}) (8... O-O
9. Ng3 h6 10. Nf5 Nb6 11. Bh4 Bxf5 12. Bxf5 Nc4 13. Qc2 Be7 14. O-O Nd6 15. Bd3
Nh5 16. Bxe7 Qxe7 17. Rad1 f5 18. Qe2 Qg5 19. f4 Qg6 20. Nb1 Rae8 21. Nd2 Re6
22. Qf2 Nf6 23. Rfe1 Rfe8 24. h3 Nfe4 25. Bxe4 Nxe4 26. Nxe4 Rxe4 27. Qf3 R8e6
28. Kf2 Qe8 29. Re2 Qe7 30. g3 c5 31. dxc5 Qxc5 32. Rdd2 32... d4 {
- Rosner,G-Forstmaier,M/Bayern 1997/EXT 99 (32)}) (8... b5 9. Qc2 Bb7 10. Ng3
Bxg3 11. hxg3 h6 12. Bf4 a6 13. Bf5 Qa5 14. Bd6 g6 15. b4 Qb6 16. Bxg6 fxg6 17.
Qxg6+ Kd8 18. Rxh6 Re8 19. Qf7 Ng4 20. Re6 Rxe6 21. Qxe6 Kc8 22. Qxg4 {
1-0 Byrne,R-Fjeldsted,A/Reykjavik 1968/MCD (22)}) (8... Nf8 9. f3 Ne6 10. Bh4
O-O 11. Qc2 g6 12. O-O Be7 13. Rad1 Ng7 14. Kh1 Be6 15. Bf2 Bd6 16. Bg1 Rc8 17.
e4 Nd7 18. e5 Be7 19. f4 f5 20. a3 b6 21. b4 b5 22. Nc1 Nb6 23. Nb3 {
Berg,K-Balzar,A/Naestved 1988/TD/ - (61)}) 1-0